000 00289nam a2200109Ia 4500
008 200302s9999 xx 000 0 und d
100 _aJan Kattein
245 _aThe architecture chronicle Diary of an architectural practice
260 _bAshuate Publication
260 _c2014
300 _a221
999 _c6777
_d6777